Language Quiz

Random Language or Soccer Quiz

Soccer Vocabulary: English-Spanish Pt. 1 Quiz Stats

 Plays Quiz not verified by Sporcle

Challenge
Share
Tweet
Embed
Score 0/46 Timer 15:00
0 Plays Today
Definition Vocab Word % Correct
CupLa Copa
72.4%
Enter FREEFREE
72.4%
Enter FREEFREE
72.4%
Enter FREEFREE
72.4%
StadiumEl Estadio
69%
NationLa Nacion
69%
NationalNacional
69%
RivalEl Rival
65.5%
DreamEl Sueno
62.1%
At the End ofAl Final De
62.1%
GoalieEl Portero
58.6%
To DefendDefender
58.6%
MunicipalMunicipal
58.6%
WingEl Ala
55.2%
RefereeEl Arbitro
55.2%
To AttackAtacar
55.2%
CareerLa Carrera
51.7%
FanLa Hincha
51.7%
To Make RealRealizar
51.7%
OpponentEl Adversario
48.3%
To ApplaudAplaudir
48.3%
To ScoreMeter Un Gol
48.3%
To ShowMostrar
48.3%
Definition Vocab Word % Correct
ScoreboardEl Marcador
44.8%
To InterceptInterceptar
44.8%
FanEl Fanatico
41.4%
To Play SportsHacer Deportes
41.4%
To WhistleSilbar
37.9%
EndEl Extremo
34.5%
WhistleEl Silbato
34.5%
AnnouncerEl Locutor
34.5%
To GrabAgarrar
34.5%
To ChooseEscoger
34.5%
To RealizeDarse Cuenta
34.5%
ExcitedAnimado
34.5%
OppositeContrario
34.5%
EnthusiasticEntusiastico
34.5%
To TieEmpatar
34.5%
Tail, LineLa Cola
31%
ExcitedEntusiasmado
31%
ScoreEl Tanto
27.6%
To ApproachAcercarse
27.6%
To KickDar Una Patada
24.1%
To DodgeEsquivar
24.1%
To Give HomeworkPoner Deberes
20.7%
To Stand OutDestacarse
13.8%

You're not logged in!

Compare scores with friends on all Sporcle quizzes.
OR
Log In

You Might Also Like...

Show Comments

Extras

Top Quizzes Today


Score Distribution

Your Account Isn't Verified!

In order to create a playlist on Sporcle, you need to verify the email address you used during registration. Go to your Sporcle Settings to finish the process.

Report this User

Report this user for behavior that violates our Community Guidelines.

Details: